000 00598nam a2200193Ii 4500
003 JO-AjNU
008 230605s9999||||xx |||||||||||||| ||und||
040 _aJO-AjNU
_bara
_erda
_cJO-AjNU
041 _aara
050 1 4 _aHF5655.A7.N87 1986
100 3 _aنور، احمد,
_eauthor
_914408
245 0 0 _aحلول في مبادىء المحاسبة المالية
264 3 1 _aبيروت: الدار الجامعية، 1986
300 _a433ص
336 _atext
_btxt
_2rdacontent
337 _aunmediated
_bn
_2rdamedia
338 _avolume
_bnc
_2rdacarrier
650 4 _aالمحاسبة
_914409
999 _aA3835
_c7403
_d7403